Playboi Carti Charting Songs (Billboard Hot 100) - Statistics

General Stats
  • This quiz has been taken 709 times
    44 since last reset
  • The average score is 32 of 56
Answer Stats
Album Weeks On Peak Artist(s) Song % Correct
Hurry Up Tomorrow 41 Weeks #3 The Weeknd & Playboi Carti Timeless
97%
VULTURES 1 19 Weeks #1 (1 Week) ¥$: Kanye West & Ty Dolla $ign ft. Rich The Kid & Playboi Carti CARNIVAL
95%
Utopia 32 Weeks #5 Travi$ Scott ft. Playboi Carti FE!N
95%
MUSIC 23 Weeks #4 Playboi Carti & The Weeknd RATHER LIE
95%
WE DON'T TRUST YOU 20 Weeks #2 Future, Metro Boomin', Travi$ Scott & Playboi Carti Type Shit
89%
MUSIC 5 Weeks #2 Playboi Carti EVIL J0RDAN
87%
Trip at Knight 11 Weeks #11 Trippie Redd ft. Playboi Carti Miss the Rage
84%
MUSIC 2 Weeks #20 Playboi Carti & Travis Scott CRUSH
82%
MUSIC 2 Weeks #17 Playboi Carti ft. Kendrick Lamar GOOD CREDIT
82%
Playboi Carti 20 Weeks #29 Playboi Carti Magnolia
79%
MUSIC 2 Weeks #34 Playboi Carti & Skepta TOXIC
79%
Dark Lane Demo Tapes 3 Weeks #7 Drake ft. Playboi Carti Pain 1993
76%
MUSIC 1 Week #41 Playboi Carti POP OUT
76%
MUSIC 2 Weeks #25 Playboi Carti ft. Kendrick Lamar & Jhene Aiko BACKD00R
74%
Donda 4 Weeks #11 Kanye West ft. Playboi Carti & Fivio Foreign Off the Grid
74%
MUSIC 2 Weeks #28 Playboi Carti & Travis Scott PHILLY
74%
Die Lit 4 Weeks #46 Playboi Carti ft. Lil Uzi Vert Shoota
74%
MUSIC 1 Week #58 Playboi Carti & Lil Uzi Vert TWIN TRIM
71%
The Idol, Vol. 1 (Music from the HBO Original Series) 19 Weeks #43 The Weeknd, Playboi Carti & Madonna Popular
68%
MUSIC 1 Week #53 Playboi Carti & Lil Uzi Vert JUMPIN
66%
MUSIC 1 Week #65 Playboi Carti OLYMPIAN
66%
MUSIC 1 Week #46 Playboi Carti & Future TRIM
63%
MUSIC 1 Week #49 Playboi Carti, Future & Travis Scott CHARGE DEM HOES A FEE
61%
Whole Lotta Red 1 Week #82 Playboi Carti ft. Kanye West Go2DaMoon
61%
MUSIC 1 Week #38 Playboi Carti K-POP
58%
MUSIC 1 Week #88 Playboi Carti SOUTH ATLANTA BABY
58%
MUSIC 1 Week #55 Playboi Carti CRANK
55%
MUSIC 1 Week #27 Playboi Carti MOJO JOJO
55%
VULTURES 2 2 Weeks #48 ¥$: Kanye West & Ty Dolla $ign, Don Toliver & Playboi Carti ft. Kodak Black FIELD TRIP
53%
C, XOXO 1 Week #81 Camila Cabello ft. Playboi Carti I Luv It
53%
MUSIC 1 Week #52 Playboi Carti & Travis Scott WAKE UP FILTHY
53%
Playboi Carti 10 Weeks #76 Playboi Carti ft. Lil Uzi Vert wokeuplikethis*
53%
MUSIC 1 Week #48 Playboi Carti HBA
50%
MUSIC 1 Week #69 Playboi Carti MUNYUN
50%
MUSIC 1 Week #86 Playboi Carti OVERLY
50%
MUSIC 2 Weeks #33 Playboi Carti FINE SHIT
47%
MUSIC 1 Week #75 Playboi Carti OPM BABI
47%
MUSIC 1 Week #96 Playboi Carti WALK
47%
MUSIC 1 Week #71 Playboi Carti, Young Thug & Ty Dolla $ign WE NEED ALL DA VIBES
47%
I Am Music 4 Weeks #15 Playboi Carti All Red
45%
MUSIC 1 Week #80 Playboi Carti COCAINE NOSE
45%
Whole Lotta Red 1 Week #99 Playboi Carti ft. Kid Cudi M3tamorphosis
45%
Donda 2 Weeks #16 Kanye West ft. Playboi Carti Junya
42%
MUSIC 2 Weeks #56 Playboi Carti LIKE WEEZY
42%
Non-Album Single 1 Week #35 Playboi Carti @ MEH
42%
MUSIC 1 Week #43 Playboi Carti RADAR
42%
MUSIC 1 Week #85 Playboi Carti DIS 1 GOT IT
39%
Whole Lotta Red 1 Week #90 Playboi Carti Vamp Anthem
39%
JACKBOYS 2 1 Week #74 Travis Scott, Playboi Carti & Future WHERE WAS YOU
39%
The Leaks 1 Week #71 Lil Baby, Playboi Carti & Skooly Let's Do It
29%
Perfect Ten 6 Weeks #81 Mustard ft. NAV, Playboi Carti & A Boogie wit da Hoodie Baguettes in the Face
26%
MUSIC 1 Week #54 Playboi Carti I SEEEEEE YOU BABY BOI
26%
Nuthin' 2 Prove 1 Week #98 Lil Yachty ft. Playboi Carti Get Dripped
21%
Whole Lotta Red 1 Week #72 Playboi Carti Slay3r
13%
Whole Lotta Red 1 Week #92 Playboi Carti New N3on
11%
Drip or Drown 2 1 Week #97 Gunna ft. Playboi Carti Same Yung N***a
8%
No matching quizzes found
Score Distribution
Percent of People with Each Score
Percentile by Number Answered
Your Score History
You have not taken this quiz since the last reset